000 00698cab a2200253 4500
001 WB3140-55
008 090401t1995 xxu||||| |||| 00| 0 eng d
035 _a(Sirsi) u9333
041 _aeng
245 _aGermany
260 _c1995
300 _aLOAN
350 _a0
490 _aFinancial Times
_vSurvey 23 October 1995, (11)
520 _aExamines German: reunification, economy, finance markets, workforce, social security system, ideology and politics and industry.
650 _aGERMAN ECONOMY
650 _aGERMAN INDUSTRY
650 _aGERMAN WORKFORCE
650 _aGERMANY
690 _aOVERSEAS-EUROPE
690 _aSPECIAL REPORTS
942 _n0
948 _c04/03/1997
999 _c5813
_d5813